00457nam a2200205Ia 4500003000900000008004100009040001300050040001300063041000800076100001800084100000900102245006200111250001000173260001200183260000900195300001100204300001000215490001800225490000800243IT-RoPAU120407s9999 xx 000 0 und d aIT-RoPAU cIT-RoPAU afra aPaul Lamarche cs.j. aChrist vivant. Essai sur la christologie du N. Testament. aParis aDu Cerf c1966 a180 p. c23 cm aLectio divina v143